Statistics for 100 Biggest Cities in Germany

Click here to take the quiz!

General Stats

  • This quiz has been taken 167 times
    (129 since last reset)
  • The average score is 59 of 100

Answer Stats

PopulationCity% Correct
3,769,495Berlin
99%
1,899,160Hamburg
99%
1,471,508München
99%
486,854Dresden
97%
650,000Frankfurt
97%
1,085,664Köln
97%
573,057Düsseldorf
96%
515,140Hannover
95%
546,501Bremen
94%
588,462Dortmund
94%
504,971Leipzig
94%
499,237Nürnberg
93%
589,793Stuttgart
93%
232,758Kiel
92%
593,085Essen
90%
313,125Bonn
89%
181,227Saarbrücken
83%
307,960Mannheim
82%
265,208Aachen
81%
259,196Augsburg
81%
198,293Rostock
81%
145,292Potsdam
80%
504,358Duisburg
79%
215,966Freiburg im Breisgau
79%
184,997Mainz
79%
331,906Bielefeld
78%
212,207Lübeck
77%
283,799Karlsruhe
76%
229,826Magdeburg
76%
270,184Münster
74%
385,729Bochum
73%
203,254Erfurt
71%
120,451Ulm
70%
123,064Wolfsburg
70%
247,220Chemnitz
69%
360,797Wuppertal
69%
120,658Ingolstadt
68%
261,742Mönchengladbach
68%
140,385Darmstadt
66%
104,712Jena
66%
270,028Gelsenkirchen
65%
166,462Osnabrück
65%
129,151Regensburg
65%
234,107Halle
64%
194,501Kassel
64%
162,738Leverkusen
63%
100,129Trier
63%
272,432Wiesbaden
63%
84,754Cottbus
61%
244,715Braunschweig
60%
98,732Kaiserslautern
60%
142,161Paderborn
60%
107,319Koblenz
59%
159,218Oldenburg
59%
117,446Bremerhaven
58%
96,641Schwerin
55%
143,345Heidelberg
54%
119,192Offenbach am Main
51%
85,838Flensburg
50%
112,025Fürth
50%
122,149Göttingen
50%
185,327Hamm
50%
98,796Zwickau
50%
133,731Würzburg
49%
219,176Oberhausen
48%
237,984Krefeld
47%
104,659Gera
46%
163,196Ludwigshafen am Rhein
46%
81,275Konstanz
44%
198,972Hagen
40%
81,099Worms
40%
112,627Reutlingen
39%
83,416Tübingen
38%
120,733Heilbronn
37%
106,184Bergisch Gladbach
36%
119,313Pforzheim
36%
119,909Bottrop
35%
102,675Erlangen
35%
96,180Gütersloh
34%
152,457Neuss
34%
122,438Recklinghausen
34%
164,359Solingen
34%
88,648Hanau
33%
87,603Ludwigsburg
33%
107,816Moers
32%
171,000Mülheim an der Ruhr
32%
103,052Hildesheim
31%
107,242Siegen
31%
172,108Herne
30%
74,411Gießen
28%
117,118Remscheid
28%
101,079Salzgitter
27%
93,440Düren
26%
92,390Esslingen am Neckar
26%
101,247Witten
26%
97,910Iserlohn
25%
81,770Villingen-Schwenningen
23%
91,398Marl
21%
91,606Ratingen
20%
91,009Lünen
18%

Score Distribution

Percentile by Number Answered

Percent of People with Each Score

Your Score History

You have not taken this quiz since the last reset